| 000 | 00590nam a22001697a 4500 | ||
|---|---|---|---|
| 999 |
_c61061 _d61061 |
||
| 005 | 20231213133013.0 | ||
| 008 | 231213s1983 ru ||||| |||| 00| 0 rus d | ||
| 041 | _arus | ||
| 080 | _a94(37) M-12 | ||
| 100 |
_aМаяк, И. Л. _920685 |
||
| 245 |
_aРим первых царей : _bГенезис римского полиса / _cИ.Л. Маяк. |
||
| 264 |
_aМосква: _bМГУ, _c1983. |
||
| 300 |
_a272 с.: _bил.; _c22 см. |
||
| 653 | _aპირველი მეფეების რომი. | ||
| 653 | _aძველი რომი | ||
| 942 |
_2udc _cᲬᲘᲒᲜᲘ |
||